[Event "Najdorf Memorial"]
[Site "Warsaw POL"]
[Date "2011.07.13"]
[Round "1"]
[White "Maciaga,M"]
[Black "Markowski,T"]
[Result "0-1"]
[WhiteElo "2235"]
[BlackElo "2611"]

1.d4 Nf6 2.c4 g6 3.Nf3 Bg7 4.g3 O-O 5.Bg2 d6 6.Nc3 c6 7.O-O Bf5 8.Nd2 Qb6
9.e3 Na6 10.h3 Bd3 11.Na4 Qc7 12.Re1 Nb4 13.b3 Nc2 14.Bb2 Nxe1 15.Qxe1 b5
16.cxb5 Bxb5 17.Nc3 Ba6 18.Rc1 Rac8 19.e4 Nd7 20.f4  0-1

[Event "Myrhorod Open A"]
[Site "Myrhorod UKR"]
[Date "2011.07.14"]
[Round "9.11"]
[White "Tsirulnik,Mari"]
[Black "Kutsyj,A"]
[Result "1/2-1/2"]
[WhiteElo "2145"]
[BlackElo "2339"]

1.d4 Nf6 2.Nf3 g6 3.c4 Bg7 4.g3 O-O 5.Bg2 d6 6.O-O Nc6 7.Nc3 a6 8.b3 Rb8
9.Bb2 b5 10.cxb5 axb5 11.d5 Na5 12.Nd4 b4 13.Na4 Bd7 14.Rc1 Ra8 15.Qd2 Qb8
16.Ba1 Qb7 17.e4 Rfc8 18.Rfe1 Ra6 19.e5 Nxd5 20.e6 fxe6 21.Nxe6 Bxe6 22.Rxe6 c6
23.Bxg7 Kxg7 24.Bxd5 cxd5 25.Rxc8 Qxc8 26.Rxe7+ Kf6 27.Rxh7 Qf5 28.Rh4 g5
29.Qb2+ Kg6 30.Rh8 Qe5 31.Qc2+ Qe4 32.Rg8+ Kf7 33.Qxe4 dxe4 34.Rxg5 Nc6 35.Rb5 Ke6
36.Rb6 Rxb6 37.Nxb6 d5 38.Kf1 Nd4 39.h4 Nb5 40.Na4 Kf5 41.Ke1 Kg4 42.Nb2 Nc3
43.Nd1 d4 44.Nb2 Nxa2 45.Nc4 Nc1 46.Ne5+ Kf5 47.Nc6 Nxb3 48.Nxb4 Kg4 49.Nc6 d3
50.Ne5+ Kh5 51.Nc4 Kg4 52.Ne3+ Kh5 53.Kf1 Nd4 54.Ke1 Nb3 55.Kd1 Kg6 56.Ke1 Kh5
57.Kd1 Kg6 58.Nf1 Kf5 59.Ne3+ Kg6 60.Ke1 Kh5 61.Kf1 Nd4 62.Kg2 Kg6 63.g4 d2
64.Nd1 Kh6 65.Kh3 Ne2 66.Kg2 Nf4+ 67.Kg3 Ne2+ 68.Kh3 Nf4+ 69.Kh2 Ne2 70.Kg2 Nf4+
71.Kf1 Kg6 72.Ne3 Kh6 73.Nd1 Kg6 74.f3 exf3 75.Kf2 Ng2 76.h5+ Kg5 77.Kxf3 Nf4
78.h6 Ng6 79.h7 Kh6 80.Ke2  1/2-1/2

[Event "10th Condom GM"]
[Site "Condom FRA"]
[Date "2011.07.15"]
[Round "9"]
[White "Barsov,A"]
[Black "Lagarde,Max"]
[Result "1/2-1/2"]
[WhiteElo "2534"]
[BlackElo "2433"]

1.d4 Nf6 2.c4 g6 3.Nf3 Bg7 4.g3 O-O 5.Bg2 d6 6.O-O Nc6 7.Nc3 a6 8.Bd2 Bg4
9.d5 Bxf3 10.exf3 Nd4 11.f4 Rb8 12.Be3 Nf5 13.Bc1 c5 14.dxc6 bxc6 15.g4 Nh4
16.Bh1 Qd7 17.h3 h5 18.f3 Qe6 19.Qe1 Qxe1 20.Rxe1 Nd7 21.Kf2 Nc5 22.Kg3 Nd3
23.Re2 Bh6 24.Be3 Rxb2 25.Rd1 Rxe2 26.Nxe2 Nb2 27.Rb1 Nxc4 28.Bc1 Nf5+ 29.gxf5 d5
30.Nd4 Rc8 31.fxg6 fxg6 32.f5 Bg7 33.Ne6 gxf5 34.Nxg7 Kxg7 35.f4 Kf6 36.Bf3 Rg8+
37.Kf2 h4 38.Be2 Nd6 39.Bb2+ Ke6 40.Rg1 Ne4+ 41.Kf1 Nd2+ 42.Kf2 Ne4+  1/2-1/2

[Event "3rd International Open"]
[Site "Rethymno GRE"]
[Date "2011.07.15"]
[Round "6"]
[White "Townsend,M"]
[Black "Papadakis,Theodoros"]
[Result "1-0"]
[WhiteElo "2280"]
[BlackElo "1984"]

1.d4 Nf6 2.c4 g6 3.g3 Bg7 4.Bg2 d6 5.Nf3 O-O 6.O-O c5 7.d5 e5 8.Nc3 Bd7 9.e4 Na6
10.Ne1 Qe7 11.a3 Nc7 12.b4 b6 13.bxc5 bxc5 14.Nd3 Nfe8 15.Rb1 f5 16.Re1 Qd8
17.Qb3 h5 18.f4 exf4 19.Bxf4 fxe4 20.Nxe4 Bf5 21.Ng5 Bd4+ 22.Kh1 Qf6 23.Ne6 Nxe6
24.dxe6 Rc8 25.Bd5 Qe7 26.Qd1 Rc7 27.Rb8 Kh7 28.Qe2 Bxd3 29.Qxd3 Rxf4 30.gxf4 Ng7
31.Qe4 Nf5 32.Reb1 Qh4 33.Qf3 Re7 34.R8b7 Kh6 35.Rxe7 Nxe7 36.Qg3 Qf6 37.Rb7 Kg7
38.Qg5 Qxg5 39.fxg5 Kf8 40.Rb8+ Kg7 41.Re8 Nf5 42.e7 Kh7 43.Rh8+  1-0

[Event "16th Balaguer Open"]
[Site "Balaguer ESP"]
[Date "2011.07.17"]
[Round "1"]
[White "Iagar,R"]
[Black "Borras Camarasa,M"]
[Result "1-0"]
[WhiteElo "2162"]
[BlackElo "1601"]

1.d4 d6 2.Nf3 g6 3.c4 Nf6 4.g3 Bg7 5.Bg2 O-O 6.O-O Nbd7 7.Nc3 c5 8.d5 Nb6
9.Nd2 Bd7 10.a4 Rb8 11.h3 Qc8 12.Kh2 a5 13.e4 Na8 14.f4 Nh5 15.Ra3 Nc7 16.Nf3 e5
17.dxe6 Bxe6 18.Nd5 Bxd5 19.cxd5 Re8 20.Nd2 Nf6 21.Nc4 Nxe4 22.Bxe4 Rxe4
23.Nxd6 Rd4 24.Nxc8 Rxd1 25.Ne7+ Kf8 26.Rxd1 Kxe7 27.d6+  1-0

[Event "4th d'Ille-et-Vilain Open"]
[Site "Rennes FRA"]
[Date "2011.07.17"]
[Round "2.3"]
[White "Le Marec,S"]
[Black "Bailet,P"]
[Result "1/2-1/2"]
[WhiteElo "2108"]
[BlackElo "2432"]

1.d4 Nf6 2.c4 d6 3.Nf3 g6 4.g3 Bg7 5.Bg2 O-O 6.O-O Nbd7 7.Nc3 e5 8.e4 c6
9.h3 a6 10.dxe5 Nxe5 11.Nxe5 dxe5 12.Qxd8 Rxd8 13.Be3 b5 14.Rfd1 Be6 15.cxb5 axb5
16.Rxd8+ Rxd8 17.a4 Ra8 18.a5 Bf8 19.f4 Nd7 20.f5 Bb3 21.Bf3 Nc5 22.Ne2 Bc2
23.Rc1 Bxe4 24.Bxe4 Nxe4 25.Rxc6 Rxa5 26.f6 h5 27.Nc3 Nxc3 28.bxc3 Kh7 29.Rc7 Bh6
30.Bc5 Kg8 31.Rc8+ Kh7 32.Rc7 Kg8 33.Rc8+  1/2-1/2

[Event "16th Balaguer Open"]
[Site "Balaguer ESP"]
[Date "2011.07.19"]
[Round "3"]
[White "Pozo Vera,S"]
[Black "Ivanov,Jo"]
[Result "1/2-1/2"]
[WhiteElo "2471"]
[BlackElo "2398"]

1.d4 Nf6 2.Nf3 d6 3.c4 g6 4.g3 Bg7 5.Bg2 O-O 6.O-O Nc6 7.Nc3 e5 8.d5 Ne7
9.e4 Ne8 10.Ne1 f5 11.Nd3 Nf6 12.Bg5 Nxe4 13.Nxe4 fxe4 14.Bxe4 Bh3 15.Re1 Qd7
16.Bd2 Nf5 17.Bc3 Nd4 18.f4 Rae8 19.fxe5 dxe5 20.Nxe5 Bxe5 21.Bxd4 Qg7 22.Bxe5 Rxe5
23.d6 c6 24.Qd2 Rfe8 25.Bg2 Rxe1+ 26.Rxe1 Rxe1+ 27.Qxe1 Qd4+ 28.Qf2 Qd1+
29.Qf1 Qd4+ 30.Qf2 Qd1+ 31.Qf1 Qd4+  1/2-1/2

[Event "III Corporation Cup A"]
[Site "Izhevsk RUS"]
[Date "2011.07.19"]
[Round "5"]
[White "Shurunov,As"]
[Black "Chuprov,D"]
[Result "0-1"]
[WhiteElo "2216"]
[BlackElo "2531"]

1.d4 Nf6 2.Nf3 g6 3.c4 Bg7 4.g3 O-O 5.Bg2 d6 6.O-O Nbd7 7.Nc3 e5 8.e4 c6
9.h3 Qa5 10.Re1 exd4 11.Nxd4 Ne5 12.Bf1 Qb4 13.Nc2 Qb6 14.Rb1 Be6 15.b3 Rad8
16.Be3 Qa5 17.Bd2 Qc7 18.f4 Ned7 19.Be3 Nc5 20.Bg2 Qc8 21.h4 Nh5 22.Ne2 Bh3
23.Bd4 Bxg2 24.Kxg2 Nxe4 25.Bxg7 Nxg7 26.Qd4 Rfe8 27.Ne3 Nf5 28.Nxf5 Qxf5
29.Nc3 c5 30.Qd3 Nxc3 31.Qxc3 d5 32.cxd5 Qxd5+ 33.Kg1 b6 34.Rbd1 Rxe1+ 35.Rxe1 Qd4+
36.Qxd4 Rxd4 37.Re2 Rd3 38.Kf2 h5 39.Rc2 Kg7 40.Rb2 Kf6 41.Re2 Rc3 42.Kg2 c4
43.bxc4 Rxc4 44.Rd2 Ra4 45.Re2 Ra3 46.Rd2 b5 47.Rb2 a6 48.Rc2 b4 49.Rb2 a5
50.Re2 Rc3 51.Kh3 Ra3 52.Kg2 a4 53.Kh3 b3 54.axb3 Rxb3 55.Re4 a3 56.Ra4 Ke6
57.Ra7 Rc3 58.Ra5 Kd6 59.Ra7 Kc5 60.Rxf7 Kb4  0-1

[Event "III Corporation Cup A"]
[Site "Izhevsk RUS"]
[Date "2011.07.19"]
[Round "5"]
[White "Yaksin,O"]
[Black "Dzhumaev,M"]
[Result "0-1"]
[WhiteElo "2414"]
[BlackElo "2481"]

1.d4 g6 2.Nf3 Bg7 3.g3 Nf6 4.Bg2 O-O 5.c4 d6 6.O-O c6 7.Nc3 Qb6 8.b3 e5 9.dxe5 dxe5
10.e4 Bg4 11.Be3 Qc7 12.Qc2 Bxf3 13.Bxf3 Nbd7 14.Be2 Rfe8 15.c5 Nf8 16.Bc4 Qe7
17.f3 N6d7 18.Na4 Rab8 19.Rfd1 b5 20.cxb6 axb6 21.Be2 Ne6 22.Qxc6 Nd4 23.Bxd4 exd4
24.Rac1 Ne5 25.Qc7 Qa3 26.Rc2 Rbd8 27.Bd3 Nxf3+ 28.Kg2 Ne5 29.Nxb6 Qa5 30.Qc5 Qxc5
31.Rxc5 Nxd3 32.Rxd3 Rxe4 33.Kf3 Re6 34.Rc8 Rxc8 35.Nxc8 Ra6 36.b4 Rxa2 37.Rb3 f5
38.b5 Kf7 39.Nd6+ Ke6 40.b6 Be5 41.b7 Bxd6 42.Rb6 Ra3+ 43.Ke2 Ke5 44.Rxd6 Rb3
45.Rd7 h6 46.h4 g5 47.hxg5 hxg5 48.Re7+ Kd6 49.Rg7 g4 50.Rf7 Ke6 51.Rg7 Kf6
52.Rd7 Ke5 53.Kd2 Ke4 54.Rf7 Rb4 55.Ke2 Rb2+ 56.Kd1 Ke3 57.Kc1 Rb6 58.Kc2 Rb4
59.Kd1 Rb6 60.Kc2 d3+ 61.Kc3 d2 62.Re7+ Kf3 63.Kxd2 Kxg3 64.Rf7 f4 65.Ke2 Rb2+
66.Kd3 Kf3 67.Kc3 Rb1 68.Kd4 g3 69.Ke5 Rb5+  0-1

[Event "4th Paleohora Open"]
[Site "Paleochora GRE"]
[Date "2011.07.22"]
[Round "4"]
[White "Maiorov,N1"]
[Black "Tzouganakis,P"]
[Result "1-0"]
[WhiteElo "2535"]
[BlackElo "2086"]

1.d4 Nf6 2.c4 g6 3.Nf3 Bg7 4.g3 O-O 5.Bg2 d6 6.O-O Nc6 7.Nc3 a6 8.d5 Na5
9.b3 c5 10.dxc6 Nxc6 11.Bb2 Bf5 12.Qd2 Rc8 13.Rfd1 Ne4 14.Nxe4 Bxe4 15.Bxg7 Kxg7
16.Bh3 Bxf3 17.Bxc8 Bxe2 18.Qxe2 Qxc8 19.Rd5 Qe6 20.Qxe6 fxe6 21.Rd3 Rf5
22.Rad1 Re5 23.a4 Rc5 24.Re1 Nb4 25.Rd2 Kf7 26.f4 Nc6 27.Red1 Rf5 28.Kg2 a5
29.Rf2 b6 30.g4 Rf6 31.Rd3 Nb4 32.Rh3 Kg7 33.Kf1 Na6 34.Rff3 Nc5 35.Ke2 Na6
36.Rh4 Kg8 37.Rhh3 Nc5 38.Kd2 Kg7 39.Kc3 Ne4+ 40.Kc2 Nc5 41.Rhg3 Kf7 42.h4 Ke8
43.Rh3 Kd7 44.h5 Ne4 45.Kd3 Nc5+ 46.Ke2 Ke8 47.hxg6 hxg6 48.Rh6 Kf7 49.Rh7+ Ke8
50.Rh6 Kf7 51.Rh8 e5 52.fxe5 dxe5 53.Rb8 Rxf3 54.Kxf3 Nxb3 55.Ke3 Nc5 56.Rxb6 Nxa4
57.Rb5 Ke6 58.Rxa5 Nb2 59.Ra6+ Kd7 60.c5 Nd1+ 61.Kf3 e4+ 62.Kxe4 Nf2+ 63.Kd5 Nxg4
64.Ra7+ Kd8 65.c6 Ne3+ 66.Kc5 Nf5 67.Kb6 e5 68.c7+ Kd7 69.Ra8 Ne7 70.Rd8+ Ke6
71.Re8  1-0

[Event "16th Balaguer Open"]
[Site "Balaguer ESP"]
[Date "2011.07.23"]
[Round "7"]
[White "Villa Gimenez,C"]
[Black "Ivanov,Jo"]
[Result "0-1"]
[WhiteElo "2013"]
[BlackElo "2398"]

1.d4 Nf6 2.Nf3 d6 3.c4 g6 4.g3 Bg7 5.Bg2 O-O 6.Nc3 c6 7.O-O Qa5 8.e4 Bg4
9.h3 Bxf3 10.Bxf3 Nbd7 11.Bg2 e5 12.d5 cxd5 13.cxd5 Rfc8 14.Be3 a6 15.Qa4 Qd8
16.Qb3 b5 17.Rfc1 Nc5 18.Bxc5 dxc5 19.Nd1 Bh6 20.Ne3 Ne8 21.Rf1 c4 22.Qc3 Qe7
23.f4 b4 24.Qe1 c3 25.Ng4 Bg7 26.bxc3 Rxc3 27.f5 h5 28.fxg6 fxg6 29.Nh2 Bh6
30.Nf3 Nd6 31.Nh4 Kh7 32.Kh2 a5 33.Qf2 Bg5 34.Nf3 Be3 35.Qb2 Nc4  0-1

[Event "16th Balaguer Open"]
[Site "Balaguer ESP"]
[Date "2011.07.23"]
[Round "7"]
[White "Villa Gimenez,C"]
[Black "Ivanov,Jo"]
[Result "0-1"]
[WhiteElo "2013"]
[BlackElo "2398"]

1.d4 Nf6 2.Nf3 d6 3.c4 g6 4.g3 Bg7 5.Bg2 O-O 6.Nc3 c6 7.O-O Qa5 8.e4 Bg4
9.h3 Bxf3 10.Bxf3 Nbd7 11.Bg2 e5 12.d5 cxd5 13.cxd5 Rfc8 14.Be3 a6 15.Qa4 Qd8
16.Qb3 b5 17.Rfc1 Nc5 18.Bxc5 dxc5 19.Nd1 Bh6 20.Ne3 Ne8 21.Rf1 c4 22.Qc3 Qd7
23.f4 b4 24.Qe1 c3 25.Ng4 Bg7 26.bxc3 Rxc3 27.f5 h5 28.fxg6 fxg6 29.Nh2 Bh6
30.Nf3 Nd6 31.Nh4 Kh7 32.Kh2 a5 33.Qf2 Bg5 34.Nf3 Be3 35.Qb2 Nc4  0-1

[Event "36th MGU Open"]
[Site "Sofia BUL"]
[Date "2011.07.23"]
[Round "2.2"]
[White "Stoyanov,Tihomir"]
[Black "Stoimenov,K"]
[Result "0-1"]
[WhiteElo "2190"]
[BlackElo "1820"]

1.Nf3 Nf6 2.g3 g6 3.Bg2 Bg7 4.c4 d6 5.d4 O-O 6.Nc3 c6 7.Bg5 h6 8.Bf4 Qa5
9.O-O Qb4 10.Qb3 Na6 11.Qxb4 Nxb4 12.a3 Na6 13.Ne1 g5 14.Bd2 e5 15.d5 cxd5
16.cxd5 Bd7 17.Nd3 Rfc8 18.f4 gxf4 19.gxf4 Re8 20.fxe5 dxe5 21.e4 Rac8 22.Be3 b6
23.h3 Nc5 24.Nxe5 Rxe5 25.Bd4 Nh5 26.Bxe5 Bxe5 27.Rad1 Nf4 28.Rf3 Nxg2 29.Kxg2 Na4
30.Nxa4 Bxa4 31.Rd2 Bc2 32.Rff2 Bxe4+ 33.Kf1 Bg3 34.Rf6 Rc1+ 35.Ke2 Re1+  0-1

[Event "2nd ch-Vojvodina"]
[Site "Novi Sad SRB"]
[Date "2011.07.24"]
[Round "1.12"]
[White "Pantelic,Sa"]
[Black "Banovic,I"]
[Result "1-0"]
[WhiteElo "2364"]
[BlackElo "1970"]

1.d4 Nf6 2.c4 g6 3.g3 Bg7 4.Bg2 O-O 5.Nf3 d6 6.Nc3 Nc6 7.O-O a6 8.b3 Rb8
9.Nd5 e6 10.Nxf6+ Bxf6 11.Bh6 Re8 12.Rc1 e5 13.d5 Nd4 14.e4 Nxf3+ 15.Qxf3 b6
16.b4 Bg5 17.Bxg5 Qxg5 18.c5 bxc5 19.bxc5 Qe7 20.Qa3 Bd7 21.Rc2 Bb5 22.Rfc1 Red8
23.Qa5 f5 24.cxd6 cxd6 25.exf5 gxf5 26.Bh3 Bd3 27.Rc7 Rd7 28.Rxd7 Qxd7 29.Qd2 Rb1
30.Rxb1 Bxb1 31.Bf1 Qa4 32.Be2 Qd4 33.Qg5+ Kf8 34.Qd8+ Kg7 35.Qc7+ Kg8 36.Qb8+ Kg7
37.Qxb1  1-0

[Event "ch-AUT"]
[Site "Linz AUT"]
[Date "2011.07.25"]
[Round "3"]
[White "Shengelia,D"]
[Black "Spiesberger,G"]
[Result "1-0"]
[WhiteElo "2513"]
[BlackElo "2166"]

1.d4 Nf6 2.c4 g6 3.Nf3 Bg7 4.g3 d6 5.Bg2 O-O 6.O-O Nc6 7.Nc3 Nh5 8.d5 Ne5
9.Nxe5 dxe5 10.e4 e6 11.b3 exd5 12.cxd5 Bd7 13.a4 Qc8 14.Ba3 Re8 15.Rc1 a6
16.d6 cxd6 17.Nd5 Qd8 18.Nc7 Rc8 19.Nxe8 Rxc1 20.Qxc1 Bxe8 21.Rd1 Bf8 22.Qc3  1-0

[Event "11th Condino Open"]
[Site "Condino ITA"]
[Date "2011.07.26"]
[Round "3"]
[White "Salmoiraghi,A"]
[Black "Gardi,G"]
[Result "1-0"]
[WhiteElo "2152"]
[BlackElo "2026"]

1.d4 g6 2.c4 Nf6 3.g3 Bg7 4.Bg2 O-O 5.Nf3 d6 6.Nc3 c6 7.O-O Nbd7 8.e4 e5
9.h3 a5 10.Be3 exd4 11.Nxd4 Nc5 12.Qc2 Nfd7 13.Rad1 Qc7 14.Rfe1 a4 15.f4 Nb6
16.Ncb5 cxb5 17.Nxb5 Qe7 18.Nxd6 Nbd7 19.e5 Ra7 20.Bd5 b6 21.Bxf7+ Kh8 22.Bd5 Nb8
23.Kh2 Be6 24.Bg2 Nba6 25.Qc3 Rd7 26.Bd4 Rc7 27.b4 Nd7 28.Qa3 Bxc4 29.Qxa4 Nab8
30.Rc1 b5 31.Nxb5 Bxb5 32.Qxb5 Rfc8 33.Rxc7 Rxc7 34.e6 Bxd4 35.exd7 Qxd7
36.Re8+ Kg7 37.Qxb8 Ba7 38.Rg8+ Kh6 39.Qf8+  1-0

[Event "ch-AUT"]
[Site "Linz AUT"]
[Date "2011.07.28"]
[Round "6"]
[White "Hoelzl,F"]
[Black "Wiedermann,D"]
[Result "1-0"]
[WhiteElo "2349"]
[BlackElo "2209"]

1.d4 Nf6 2.Nf3 g6 3.c4 Bg7 4.g3 O-O 5.Bg2 d6 6.O-O Nc6 7.Nc3 Rb8 8.Bf4 Nd7
9.Qd2 e5 10.Bg5 f6 11.Be3 a6 12.Rfd1 Ne7 13.dxe5 dxe5 14.Ba7 Ra8 15.Bc5 Rf7
16.Nh4 c6 17.Bh3 f5 18.e4 Nd5 19.Na4 Nxc5 20.Nxc5 Qf8 21.exf5 gxf5 22.Na4 Nc7
23.Nb6 Rb8 24.Nxc8 Rxc8 25.Qg5 Ne6 26.Qh5 Nd4 27.Rxd4 exd4 28.Bxf5 Rxf5 29.Nxf5 c5
30.Re1 Bf6 31.Nd6 Rb8 32.Qxc5 Kh8 33.Qd5 b6 34.b4 Kg7 35.c5 bxc5 36.bxc5  1-0

[Event "5th AD San Juan Open"]
[Site "Pamplona ESP"]
[Date "2011.07.28"]
[Round "5"]
[White "Damljanovic,B"]
[Black "Klenburg,M"]
[Result "1-0"]
[WhiteElo "2611"]
[BlackElo "2412"]

1.d4 d6 2.Nf3 Nf6 3.c4 g6 4.g3 Bg7 5.Bg2 O-O 6.O-O c6 7.Nc3 Nbd7 8.e4 e5
9.b3 exd4 10.Nxd4 Re8 11.Re1 a5 12.h3 Nc5 13.Rb1 Nfd7 14.Be3 Qe7 15.Qc2 Ne5
16.Rbd1 a4 17.f4 axb3 18.axb3 Ned7 19.Bf2 Na6 20.Na2 Nf8 21.b4 Nc7 22.Nc3 h5
23.Na4 Nd7 24.Nf3 Na6 25.Qb3 c5 26.b5 Nc7 27.b6 Na6 28.Rd2 Nf6 29.Nc3 Qf8
30.Ng5 Bh6 31.Nb5 Rd8 32.Red1 Bxg5 33.fxg5 Nh7 34.Be3 Qe7 35.h4 Bg4 36.Rf1 Rd7
37.Rdf2 Qe8 38.Bc1 Nf8 39.Bb2 Ne6 40.Qc3 Nd4 41.Nxd4 cxd4 42.Qxd4 Qe5 43.Qd2 Qc5
44.Qf4 Kh7 45.Qf6 Rg8 46.Bd4  1-0

[Event "5th AD San Juan Open"]
[Site "Pamplona ESP"]
[Date "2011.07.29"]
[Round "6"]
[White "Delchev,A"]
[Black "Almeida Quintana,O"]
[Result "1-0"]
[WhiteElo "2622"]
[BlackElo "2548"]

1.d4 g6 2.c4 Bg7 3.Nf3 d6 4.g3 Nf6 5.Bg2 O-O 6.Nc3 c6 7.O-O Qa5 8.e4 e5 9.h3 Nbd7
10.Re1 exd4 11.Nxd4 Ne5 12.Bf1 Be6 13.Nxe6 fxe6 14.Be3 Rad8 15.f4 Nf7 16.Bg2 e5
17.f5 gxf5 18.exf5 d5 19.cxd5 Kh8 20.g4 cxd5 21.Qa4 Qxa4 22.Nxa4 h6 23.Nc5 Rfe8
24.Ne6 Rc8 25.Bxa7 Rc2 26.Rac1 Rec8 27.Be3 Kg8 28.Bf1 e4 29.Rxc2 Rxc2 30.Re2 Rc8
31.Rd2 Ne5 32.Be2 Nf3+ 33.Bxf3 exf3 34.Rf2 Ne4 35.Rxf3 Bxb2 36.Bxh6 Rc2 37.Rd3 Nf2
38.Rd2 Rxd2 39.Bxd2 Ne4 40.Be3 Nc3 41.Nf4 Nxa2 42.Nxd5 b5 43.Bd2 Ba3 44.Kf1 b4
45.Ke2 b3 46.Kd3 Kg7 47.g5 Bc1 48.h4 b2 49.Bc3+ Kh7 50.Kc2 Nxc3 51.Nxc3 Bf4
52.Kxb2  1-0

[Event "TCh-POR 1st Div"]
[Site "Torres Vedras POR"]
[Date "2011.07.31"]
[Round "9.4"]
[White "Swinkels,R"]
[Black "Diogo,V"]
[Result "1-0"]
[WhiteElo "2483"]
[BlackElo "2299"]

1.c4 Nf6 2.g3 g6 3.Bg2 Bg7 4.d4 O-O 5.Nf3 d6 6.Nc3 Nbd7 7.O-O e5 8.e4 Re8
9.h3 c6 10.d5 cxd5 11.cxd5 Nc5 12.Ne1 a5 13.Nc2 Bd7 14.Be3 b5 15.b4 axb4
16.Nxb4 Na4 17.Qb3 Qc8 18.Rfc1 Nc5 19.Bxc5 dxc5 20.Nc6 Bxc6 21.dxc6 Rb8 22.Nxb5 Qxc6
23.a4 Red8 24.Qc3 Nd7 25.Qc2 Nf8 26.Bf1 Ne6 27.Bc4 Nd4 28.Nxd4 exd4 29.Ra3 d3
30.Rxd3 Bd4 31.Rf3 Rd7 32.Bb5 Rxb5 33.axb5 Qxb5 34.Kg2 Re7 35.Rb3 Qc6 36.f3 Kg7
37.Qc4 Qa8 38.Rd3 Qa7 39.Rd2 h5 40.h4 Rb7 41.Rdc2 Qa3 42.Ra2 Qe3 43.Re2 Qa3
44.Ra2 Qe3 45.Rd1 Rb3 46.Qe2 Qc3 47.Rc2 Qb4 48.Qc4 Qb6 49.Re1 Rb4 50.Qe2 Rb3
51.Qc4 Rb4 52.Qe2 Rb3 53.e5 Qc6 54.Qe4 Qe6 55.Rce2 Rb4 56.Qd3 Rb3 57.Qe4 Rb4
58.Qd3 Rb3 59.Qd1 Ra3 60.Re4 Ra2+ 61.R1e2 Ra3 62.Re1 Ra6 63.Qd3 Ra2+ 64.R4e2 Ra4
65.Rb1 Ra5 66.f4 Ra2 67.Re1 Ra6 68.Rf1 Rb6 69.f5 Qc6+ 70.Qe4 Qxe4+ 71.Rxe4 Rb2+
72.Kh3 Rb7 73.Rf3 Rc7 74.f6+ Kf8 75.Rb3 Ke8 76.Rb8+ Kd7 77.e6+  1-0

[Event "ECT Open A"]
[Site "Borne NED"]
[Date "2011.08.02"]
[Round "3.3"]
[White "Nicolai,Am"]
[Black "Hachijan,A"]
[Result "0-1"]
[WhiteElo "1951"]
[BlackElo "2165"]

1.d4 Nf6 2.c4 g6 3.Nf3 Bg7 4.g3 O-O 5.Bg2 d6 6.O-O Nbd7 7.Nc3 e5 8.e4 exd4
9.Nxd4 Re8 10.Re1 a6 11.h4 Rb8 12.Bf4 Ne5 13.Qe2 Bg4 14.f3 Bd7 15.Kh2 Neg4+
16.Kh1 Nh5 17.fxg4 Nxf4 18.Qd2 Nxg2 19.Kxg2 Bxg4 20.Rf1 Qd7 21.Rf2 c6 22.Kh2 Re7
23.Nb3 Bxc3 24.bxc3 Rxe4 25.Nc5  0-1

[Event "98th ch-GBR"]
[Site "Sheffield ENG"]
[Date "2011.08.02"]
[Round "8.3"]
[White "Houska,Jo"]
[Black "Pert,N"]
[Result "0-1"]
[WhiteElo "2418"]
[BlackElo "2555"]

1.d4 Nf6 2.Nf3 g6 3.c4 Bg7 4.g3 O-O 5.Bg2 d6 6.O-O Nc6 7.Nc3 Bf5 8.d5 Na5
9.Nd4 Bd7 10.b3 c5 11.dxc6 bxc6 12.Bb2 Rb8 13.Rb1 Qc8 14.Re1 Bh3 15.Bh1 c5
16.Nc2 Nc6 17.Nd5 Nxd5 18.Bxg7 Kxg7 19.Qxd5 Ne5 20.Qd2 h5 21.Qc3 f6 22.f4 Nf7
23.Bf3 h4 24.Kf2 Rh8 25.Ne3 e5 26.Rbd1 Be6 27.Rh1 Qd7 28.Qd3 Rbd8 29.Rdg1 Rh6
30.Be4 f5 31.Bd5 Re8 32.Bxe6 Qxe6 33.Nd5 Reh8 34.h3 hxg3+ 35.Rxg3 exf4 36.Nxf4 Qe5
37.Qc3 Qxc3 38.Rxc3 g5 39.Nd5 g4 40.Kg2 Ng5 41.Nf4 gxh3+ 42.Nxh3 Ne4 43.Rf3 Rg6+
44.Kh2 Ng5 45.Rg3 f4 46.Rd3 f3 47.Rxf3 Nxf3+ 48.exf3 Kf7 49.f4 Rgh6 50.Kg3 Kf6
51.Kg4 Rh4+ 52.Kg3 Kf5 53.Rh2 Rg4+ 54.Kf3 Rxf4+ 55.Ke3 Re4+ 56.Kd3 Rd4+ 57.Kc3 Rf4
58.Nxf4 Rxh2 59.Nd5 Rxa2 60.Nc7 Ke5 61.Nd5 Rh2 62.Nc7 Rh3+ 63.Kb2 Rh7 64.Nb5 a6
65.Nc3 Kd4 66.Nd5 Rh2+ 67.Ka3 Kd3 68.Nf6 Kc2 69.Ne4 Rh3 70.Nxd6 Rxb3+ 71.Ka4 Rb6  0-1

[Event "112th US Open"]
[Site "Orlando USA"]
[Date "2011.08.04"]
[Round "3"]
[White "Sundararajan,K"]
[Black "Naroditsky,D"]
[Result "1/2-1/2"]
[WhiteElo "2491"]
[BlackElo "2451"]

1.d4 Nf6 2.c4 g6 3.g3 Bg7 4.Bg2 O-O 5.Nf3 d6 6.O-O Nc6 7.Nc3 Rb8 8.h3 a6
9.e4 b5 10.cxb5 axb5 11.Re1 e5 12.dxe5 Nxe5 13.Nxe5 dxe5 14.Be3 Be6 15.Qc2 c6
16.b3 Nd7 17.a4 bxa4 18.bxa4 Qa5 19.Bd2 Qa8 20.Be3 Qa5 21.Bd2  1/2-1/2

[Event "112th US Open"]
[Site "Orlando USA"]
[Date "2011.08.04"]
[Round "4"]
[White "Mandelkern,Jeremy L"]
[Black "Shvartsman,A"]
[Result "0-1"]
[WhiteElo "2072"]
[BlackElo "2209"]

1.d4 Nf6 2.Nf3 g6 3.c4 Bg7 4.g3 O-O 5.Bg2 d6 6.O-O Nc6 7.Nc3 e5 8.d5 Ne7
9.e4 c6 10.Ne1 cxd5 11.cxd5 Ne8 12.Qb3 f5 13.Nd3 b5 14.Qxb5 a5 15.Qb3 Ba6
16.Rd1 Rb8 17.Qc2 Nf6 18.Rb1 Rc8 19.Qe2 Ng4 20.Be3 Nxe3 21.Qxe3 fxe4 22.Nxe4 Nxd5
23.Qd2 Ne7 24.b4 Bc4 25.bxa5 Nf5 26.Rb6 d5 27.Nec5 Nd4 28.Nb7 Qc7 29.Nd6 Rcd8
30.Qb4 Nc6 31.Rxc6 Qxc6 32.Nxc4 Qxc4 33.Qxc4 dxc4 34.Nb2 c3 35.Nd3 c2 36.Rc1 Rxd3
37.Rxc2 Rd1+ 38.Bf1 Kh8 39.a6 e4 40.Kg2 Bd4 41.Bb5 Rf7 42.a4 Kg7 43.Re2 Re7
44.Bc6 Ba7 45.h4 h5  0-1

[Event "FSIMA August"]
[Site "Budapest HUN"]
[Date "2011.08.06"]
[Round "1"]
[White "Horvath,Dav"]
[Black "Gara,A"]
[Result "1-0"]
[WhiteElo "2325"]
[BlackElo "2369"]

1.d4 d6 2.Nf3 Nf6 3.c4 g6 4.g3 Bg7 5.Bg2 O-O 6.O-O c6 7.Nc3 Nbd7 8.e4 e5
9.h3 Re8 10.d5 c5 11.Be3 Rf8 12.Rb1 Ne8 13.a3 h6 14.Ne1 f5 15.Nd3 Nef6 16.exf5 gxf5
17.b4 b6 18.f4 e4 19.Nf2 h5 20.Rc1 Rf7 21.g4 hxg4 22.hxg4 fxg4 23.Nfxe4 Nf8
24.Ng5 Re7 25.Bf2 Nh5 26.Ne6 Bxe6 27.dxe6 Nxf4 28.Nd5 Nxg2 29.Nxe7+ Qxe7
30.Qxg4 Nxe6 31.Qxg2 Rf8 32.Bg3 Rf6 33.Rxf6 Qxf6 34.Qd5 Qd4+ 35.Kh1 Qxd5+
36.cxd5 Nc7 37.bxc5 bxc5 38.Bxd6 Nxd5 39.Rxc5 Nb6 40.Rc7 a5 41.Kg2 a4 42.Kf3 Nd5
43.Ra7 Nc3 44.Bb4 Bd4 45.Ra8+ Kf7 46.Bxc3  1-0

[Event "19th Vidmar Mem"]
[Site "Ljubljana SLO"]
[Date "2011.08.06"]
[Round "1"]
[White "Skoberne,J"]
[Black "Srebrnic,M"]
[Result "1-0"]
[WhiteElo "2563"]
[BlackElo "2332"]

1.c4 Nf6 2.g3 g6 3.Bg2 Bg7 4.d4 O-O 5.Nf3 d6 6.O-O c6 7.Nc3 Qa5 8.e4 e5 9.h3 Nbd7
10.Re1 exd4 11.Nxd4 Ne5 12.Bf1 Re8 13.Kg2 a6 14.a4 c5 15.Nc2 Be6 16.Ne3 Nc6
17.Bd2 Nd4 18.f3 Qd8 19.a5 h5 20.Kh2 h4 21.g4 Bh6 22.Kg2 Nd7 23.Ne2 Ne5 24.Nxd4 cxd4
25.Nc2 Bxd2 26.Qxd2 Bxc4 27.Bxc4 Nxc4 28.Qxd4 Rc8 29.b4 Ne5 30.Re2 Qf6 31.Ra3 Qf4
32.Qf2 g5 33.Ne3 Nc4 34.Nd5 Qe5 35.Rc3 Rc6 36.f4 gxf4 37.Rf3 Ne3+ 38.Nxe3 Qxe4
39.Qxh4 fxe3 40.Rxe3 Rc2+ 41.Kg3 Qxe3 42.Rxe3 Rxe3+ 43.Kf4 Re6 44.Qg5+ Kf8
45.Qd5 Rc7 46.h4 Rd7 47.h5 Re5 48.Qd3 f6 49.h6 d5  1-0

[Event "Tabor Open"]
[Site "Tabor CZE"]
[Date "2011.08.06"]
[Round "8.4"]
[White "Voloshin,L"]
[Black "Havlik,Ja1"]
[Result "1/2-1/2"]
[WhiteElo "2411"]
[BlackElo "2315"]

1.d4 Nf6 2.Nf3 g6 3.c4 Bg7 4.g3 O-O 5.Bg2 d6 6.O-O Nc6 7.Nc3 e5 8.dxe5 dxe5
9.Be3 Be6 10.Qa4 Nd7 11.Rfd1 Qc8 12.Nd5 Nb6 13.Bxb6  1/2-1/2

[Event "Tabor Open"]
[Site "Tabor CZE"]
[Date "2011.08.07"]
[Round "9.11"]
[White "Chetverik,M"]
[Black "Bartos,A"]
[Result "1-0"]
[WhiteElo "2296"]
[BlackElo "2060"]

1.d4 Nf6 2.c4 g6 3.Nf3 Bg7 4.g3 O-O 5.Bg2 d6 6.O-O Nbd7 7.Qc2 e5 8.Rd1 exd4
9.Nxd4 a6 10.Nc3 Rb8 11.h3 Qe7 12.Bg5 h6 13.Nd5 Qd8 14.Bf4 Nc5 15.Rac1 Kh7
16.b4 Ne6 17.Be3 Nxd4 18.Bxd4 c6 19.Bb6 Qd7 20.Nxf6+ Bxf6 21.Bc5 Be7 22.Bxd6 Bxd6
23.c5 Qe8 24.Rxd6 Be6 25.Rcd1 Qe7 26.Qd2 Qc7 27.e4 a5 28.f4 axb4 29.f5 Bc8
30.Qxb4 gxf5 31.exf5 Bxf5 32.Be4 Bxe4 33.Qxe4+ Kg7 34.Qe5+ f6 35.Rd7+  1-0

[Event "Sakkozo Magyarok World Meeting"]
[Site "Lakitelek HUN"]
[Date "2011.08.08"]
[Round "3.19"]
[White "Feher,Ti"]
[Black "Szente Varga,F"]
[Result "0-1"]
[WhiteElo "1807"]
[BlackElo "1965"]

1.d4 Nf6 2.g3 g6 3.Bg2 Bg7 4.Nf3 d6 5.c4 O-O 6.O-O Nbd7 7.Nc3 e5 8.dxe5 dxe5
9.Nd2 c6 10.Nde4 Nxe4 11.Nxe4 f5 12.Nd6 Qc7 13.Nxc8 Raxc8 14.e4 f4 15.b3 Rcd8
16.Qc2 Rf7 17.Ba3 c5 18.Bh3 Nf8 19.Rad1 Re8 20.Rd5 b6 21.Rfd1 Qe7 22.Qd3 Qg5
23.Bc1 Qh5 24.Bd7 Ree7 25.Bc8 Rc7 26.Rd8 Bf6 27.Be6 Bxd8 28.Qxd8 Kg7 29.Bxf7 Rxf7
30.Bb2 Ne6 31.Qd3 Kh6 32.Re1 Ng5 33.Kh1 Nf3  0-1

[Event "Arad Open A"]
[Site "Arad ROU"]
[Date "2011.08.09"]
[Round "6.5"]
[White "Jianu,V"]
[Black "Garbea,B"]
[Result "0-1"]
[WhiteElo "2518"]
[BlackElo "2258"]

1.d4 Nf6 2.c4 g6 3.g3 Bg7 4.Bg2 d6 5.Nf3 O-O 6.O-O Nbd7 7.Nc3 e5 8.e4 c6
9.h3 Qa5 10.Re1 a6 11.Rb1 Rd8 12.Be3 b5 13.b4 Qc7 14.Rc1 bxc4 15.dxe5 Nxe5
16.Nxe5 dxe5 17.Qc2 Be6 18.Bf1 Rdb8 19.Na4 Rxb4 20.Nc5 Qc8 21.Kh2 Rbb8 22.Nxe6 Qxe6
23.Bxc4 Qe7 24.Red1 Bf8 25.Bb3 Rc8 26.Qc4 c5 27.a4 Rcb8 28.Bxc5 Qb7 29.Bxf8 Qxb3
30.Be7 Qf3 31.Rd2 Nxe4 32.Rdc2 Re8 33.Bb4 Qf5 34.Qe2 h5 35.h4 Nf6 36.Rc6 Ng4+
37.Kg2 Nxf2 38.Rc7 Qe4+ 39.Kxf2 Qxb4 40.Qf3 Rf8 41.Kg2 Rad8 42.Rf1 Qxa4 43.Rf2 Rd7
44.Rc6 Re8 45.Qf6 e4 46.Rxa6 Qc4 47.Ra5 e3 48.Rf4 Rd2+ 49.Kh3 Qe6+ 50.Qxe6 Rxe6
51.Ra8+ Kg7 52.Ra7 Rf6 53.Re7 e2 54.Re5 Rc6 55.Re7 Rf6 56.Re5 Rc2 57.Re7 Ra2
58.Re5 Rb2 59.Re7 Rxf4 60.gxf4 Kf8 61.Re5 f6 62.Re4 Rb4 63.Rxe2 Rxf4 64.Ra2 Re4
65.Ra6 Kf7 66.Kg3 g5 67.hxg5 fxg5 68.Rb6 Re3+  0-1